00697 a2200205 4500010001400000020002300014035001300037037001800050082001000068090001500078100001600093245004600109260004900155270008400204300002300288710000600311942002500317999001500342952013400357 aENG-85129 a8131300250c595.00 aEN-68662 bD.B.Act / Pub14a658.3 c1443d14431 aSingh, Y.K.1 aHuman resource managementcby Y. K. Singh aNew DelhibAPH Publishing Corporatioonc2006 a5, Ansari Road, Darya GanjbNew Delhie110 002maphbooks@vsnl.netk011 23274050 a299p.b21cm. (Hb) a. adplcENk658.3 / SIN c1428d1428 00102ddc40718NFICaDBADbDBADeDBAD/PUBg595.00l0o658.3 SINpEN-68662r2008-09-15 00:00:00t1u1500v595.00w2008-09-15yEN